000 00541nam a2200181Ia 4500
008 100917s9999 xx 000 0 und d
082 _b57788
100 _aदेसाई नयनतारा
245 _aदर्याचा राजा
260 _bसरीता प्रकाशन
_c1983
300 _a127
365 _b16
520 _aबालविभाग
630 _aदर्याचा राजा
650 _aबालविभाग
730 _aदर्याचा राजा
942 _cBOOK
999 _c663182
_d663179